Provinces of the Benelux on an empty map - Statistics

General Stats
  • This quiz has been taken 106 times
  • The average score is 19 of 24
Answers on the Map
Answers color-coded by a green-red scale on the quiz's map according to % correct below.
 
Answer Stats
Answer Population % Correct
Brussels 1,25m
93%
Grand Duchy of Luxembourg 0,67m
93%
North Holland 2,96m
93%
Province of Luxembourg 0,30m
93%
South Holland 3,80m
93%
Zeeland 0,39m
90%
Fryslân | Friesland 0,66m
88%
Antwerp 1,93m
87%
Utrecht 1,39m
87%
Groningen 0,60m
85%
North Brabant 2,63m
84%
East Flanders 1,57m
78%
Flevoland 0,44m
78%
Liège 1,12m
78%
West Flanders 1,23m
78%
Gelderland 2,13m
75%
Overijssel 1,18m
75%
Flemish Brabant 1,20m
74%
Namur 0,50m
71%
Drenthe 0,50m
69%
Hainaut 1,36m
66%
Walloon Brabant 0,41
65%
Limburg (Belgium) 0,90m
60%
Limburg (Netherlands) 1,13m
60%
No matching quizzes found
Score Distribution
Percent of People with Each Score
Percentile by Number Answered
Your Score History
You have not taken this quiz